Podi italiani ai Giochi Olimpici Invernali di Salt Lake 2002 - Statistics

Statistiche generali
  • Questo quiz è stato fatto 5 volte
  • Il punteggio medio è 6 su 21
Statistiche sulle risposte
Metallo Sport Specialità M/F Nome % Corretto
Oro Slittino Singolo M Armin Zöggeler
80%
Argento Sci alpino Discesa libera F Isolde Kostner
80%
Argento Sci di fondo staffetta 4x10 km M Giorgio Di Centa
60%
Argento Sci di fondo staffetta 4x10 km M Pietro Piller Cottrer
60%
Argento Sci di fondo staffetta 4x10 km M Cristian Zorzi
40%
Bronzo Sci di fondo 1,5 km sprint M Cristian Zorzi
40%
Oro Sci alpino Super-G F Daniela Ceccarelli
40%
Oro Sci di fondo 15 km F Stefania Belmondo
40%
Argento Sci di fondo 30 km F Stefania Belmondo
40%
Bronzo Sci di fondo 10 km F Stefania Belmondo
40%
Oro Sci di fondo 30 km F Gabriella Paruzzi
20%
Bronzo Sci alpino Super-G F Karen Putzer
20%
Bronzo Pattinaggio di figura Danza sul ghiaccio F Barbara Fusar Poli
0%
Argento Short track 5000 m staffetta M Fabio Carta
0%
Argento Sci di fondo staffetta 4x10 km M Fabio Maj
0%
Bronzo Snowboard Slalom gigante parallelo F Lidia Trettel
0%
Argento Short track 5000 m staffetta M Maurizio Carnino
0%
Bronzo Pattinaggio di figura Danza sul ghiaccio M Maurizio Margaglio
0%
Argento Short track 5000 m staffetta M Michele Antonioli
0%
Argento Short track 5000 m staffetta M Nicola Franceschina
0%
Argento Short track 5000 m staffetta M Nicola Rodigari
0%
Nessun quiz corrispondente trovato
Distribuzione punteggi
Percentuale di utenti per punteggio
Percentile per numero di risposta
I tuoi punteggi nel tempo
Non hai fatto questo quiz